<?xml version="1.0" encoding="UTF-8"?>
<collection xmlns="http://www.loc.gov/MARC21/slim">
 <record>
  <leader>02597nas a2200433   4500</leader>
  <controlfield tag="001">1/50495</controlfield>
  <controlfield tag="008">100621s20029999xxuqnzp       0   a0eng d</controlfield>
  <datafield tag="022" ind1=" " ind2=" ">
   <subfield code="a">1533-2667</subfield>
  </datafield>
  <datafield tag="035" ind1=" " ind2=" ">
   <subfield code="l">42869</subfield>
  </datafield>
  <datafield tag="040" ind1=" " ind2=" ">
   <subfield code="a">DLC</subfield>
   <subfield code="d">GR-PeUP</subfield>
  </datafield>
  <datafield tag="090" ind1=" " ind2=" ">
   <subfield code="a">Αλφαβητική σειρά</subfield>
  </datafield>
  <datafield tag="245" ind1="0" ind2="0">
   <subfield code="a">Journal of relationship marketing.</subfield>
  </datafield>
  <datafield tag="260" ind1=" " ind2=" ">
   <subfield code="a">London ;</subfield>
   <subfield code="a">New York :</subfield>
   <subfield code="b">Routledge, Taylor &amp; Francis Group,</subfield>
   <subfield code="c">2002-</subfield>
  </datafield>
  <datafield tag="300" ind1=" " ind2=" ">
   <subfield code="a">τ. :</subfield>
   <subfield code="b">εικ. ;</subfield>
   <subfield code="c">26 εκ.</subfield>
  </datafield>
  <datafield tag="310" ind1=" " ind2=" ">
   <subfield code="a">4 φορές το χρόνο.</subfield>
  </datafield>
  <datafield tag="362" ind1="0" ind2=" ">
   <subfield code="a">Vol. 8, no. 1 (Jan-Mar. 2009)-</subfield>
  </datafield>
  <datafield tag="546" ind1=" " ind2=" ">
   <subfield code="a">Αγγλική.</subfield>
  </datafield>
  <datafield tag="650" ind1=" " ind2="4">
   <subfield code="a">Marketing</subfield>
   <subfield code="v">Periodicals.</subfield>
  </datafield>
  <datafield tag="650" ind1=" " ind2="4">
   <subfield code="a">Customer relations</subfield>
   <subfield code="v">Periodicals.</subfield>
  </datafield>
  <datafield tag="650" ind1=" " ind2="4">
   <subfield code="a">Relationship marketing</subfield>
   <subfield code="v">Periodicals.</subfield>
  </datafield>
  <datafield tag="852" ind1=" " ind2=" ">
   <subfield code="a">INST</subfield>
   <subfield code="b">UNIPILB</subfield>
   <subfield code="c">SERIALS</subfield>
   <subfield code="e">20101110</subfield>
   <subfield code="h">Αλφαβητική σειρά</subfield>
   <subfield code="p">70509</subfield>
   <subfield code="q">70509</subfield>
   <subfield code="t">NOLOAN</subfield>
   <subfield code="v">vol.8;no.1:(Μήνες)Jan.-Mar.;(Έτος)2009</subfield>
   <subfield code="y">23</subfield>
  </datafield>
  <datafield tag="852" ind1=" " ind2=" ">
   <subfield code="a">INST</subfield>
   <subfield code="b">UNIPILB</subfield>
   <subfield code="c">SERIALS</subfield>
   <subfield code="e">20101110</subfield>
   <subfield code="h">Αλφαβητική σειρά</subfield>
   <subfield code="p">70510</subfield>
   <subfield code="q">70510</subfield>
   <subfield code="t">NOLOAN</subfield>
   <subfield code="v">vol.8;no.2:(Μήνες)Apr.-Jun.;(Έτος)2009</subfield>
   <subfield code="y">23</subfield>
  </datafield>
  <datafield tag="852" ind1=" " ind2=" ">
   <subfield code="a">INST</subfield>
   <subfield code="b">UNIPILB</subfield>
   <subfield code="c">SERIALS</subfield>
   <subfield code="e">20101110</subfield>
   <subfield code="h">Αλφαβητική σειρά</subfield>
   <subfield code="p">70511</subfield>
   <subfield code="q">70511</subfield>
   <subfield code="t">NOLOAN</subfield>
   <subfield code="v">vol.8;no.3:(Μήνες)Jul.-Sep.;(Έτος)2009</subfield>
   <subfield code="y">23</subfield>
  </datafield>
  <datafield tag="852" ind1=" " ind2=" ">
   <subfield code="a">INST</subfield>
   <subfield code="b">UNIPILB</subfield>
   <subfield code="c">SERIALS</subfield>
   <subfield code="e">20101110</subfield>
   <subfield code="h">Αλφαβητική σειρά</subfield>
   <subfield code="p">70512</subfield>
   <subfield code="q">70512</subfield>
   <subfield code="t">NOLOAN</subfield>
   <subfield code="v">vol.8;no.4:(Μήνες)Oct.-Dec.;(Έτος)2009</subfield>
   <subfield code="y">23</subfield>
  </datafield>
  <datafield tag="852" ind1=" " ind2=" ">
   <subfield code="a">INST</subfield>
   <subfield code="b">UNIPILB</subfield>
   <subfield code="c">SERIALS</subfield>
   <subfield code="e">20101110</subfield>
   <subfield code="h">Αλφαβητική σειρά</subfield>
   <subfield code="p">70513</subfield>
   <subfield code="q">70513</subfield>
   <subfield code="t">NOLOAN</subfield>
   <subfield code="v">vol.9;no.1:(Μήνες)Jan.-Mar.;(Έτος)2010</subfield>
   <subfield code="y">23</subfield>
  </datafield>
  <datafield tag="852" ind1=" " ind2=" ">
   <subfield code="a">INST</subfield>
   <subfield code="b">UNIPILB</subfield>
   <subfield code="c">SERIALS</subfield>
   <subfield code="e">20101110</subfield>
   <subfield code="h">Αλφαβητική σειρά</subfield>
   <subfield code="p">70514</subfield>
   <subfield code="q">70514</subfield>
   <subfield code="t">NOLOAN</subfield>
   <subfield code="v">vol.9;no.2:(Μήνες)Apr.-Jun.;(Έτος)2010</subfield>
   <subfield code="y">23</subfield>
  </datafield>
  <datafield tag="852" ind1=" " ind2=" ">
   <subfield code="a">INST</subfield>
   <subfield code="b">UNIPILB</subfield>
   <subfield code="c">SERIALS</subfield>
   <subfield code="e">20101110</subfield>
   <subfield code="h">Αλφαβητική σειρά</subfield>
   <subfield code="p">70515</subfield>
   <subfield code="q">70515</subfield>
   <subfield code="t">NOLOAN</subfield>
   <subfield code="v">vol.9;no.3:(Μήνες)Jul.-Sep.;(Έτος)2010</subfield>
   <subfield code="y">23</subfield>
  </datafield>
  <datafield tag="852" ind1=" " ind2=" ">
   <subfield code="a">INST</subfield>
   <subfield code="b">UNIPILB</subfield>
   <subfield code="c">SERIALS</subfield>
   <subfield code="e">20110209</subfield>
   <subfield code="h">Αλφαβητική σειρά</subfield>
   <subfield code="p">71083</subfield>
   <subfield code="q">71083</subfield>
   <subfield code="t">NOLOAN</subfield>
   <subfield code="v">vol.9;no.4:(Μήνες)Oct.-Dec.;(Έτος)2010</subfield>
   <subfield code="y">23</subfield>
  </datafield>
  <datafield tag="856" ind1="4" ind2="1">
   <subfield code="u">http://www.informaworld.com/smpp/title~content=t792306914</subfield>
  </datafield>
  <datafield tag="900" ind1=" " ind2=" ">
   <subfield code="a">Vol. 9 no. 5 (Jan., 2011)</subfield>
   <subfield code="b">Οφειλόμενο</subfield>
   <subfield code="c">11/05/2012</subfield>
  </datafield>
  <datafield tag="950" ind1=" " ind2=" ">
   <subfield code="a">01/01/2009</subfield>
   <subfield code="c">SWETS INFORMATION SERVICES</subfield>
   <subfield code="d">798</subfield>
  </datafield>
  <datafield tag="951" ind1=" " ind2=" ">
   <subfield code="a">Vol. 9 no. 4  (Oct.-Dec. 2010)</subfield>
   <subfield code="b">Main run</subfield>
  </datafield>
  <datafield tag="951" ind1=" " ind2=" ">
   <subfield code="a">Vol. 8 no. 1  (Jan.-Mar. 2009)</subfield>
   <subfield code="b">Main run</subfield>
  </datafield>
  <datafield tag="951" ind1=" " ind2=" ">
   <subfield code="a">Vol. 8 no. 2  (Apr.-Jun. 2009)</subfield>
   <subfield code="b">Main run</subfield>
  </datafield>
  <datafield tag="951" ind1=" " ind2=" ">
   <subfield code="a">Vol. 8 no. 3  (Jul.-Sep. 2009)</subfield>
   <subfield code="b">Main run</subfield>
  </datafield>
  <datafield tag="951" ind1=" " ind2=" ">
   <subfield code="a">Vol. 8 no. 4  (Oct.-Dec. 2009)</subfield>
   <subfield code="b">Main run</subfield>
  </datafield>
  <datafield tag="951" ind1=" " ind2=" ">
   <subfield code="a">Vol. 9 no. 1  (Jan.-Mar. 2010)</subfield>
   <subfield code="b">Main run</subfield>
  </datafield>
  <datafield tag="951" ind1=" " ind2=" ">
   <subfield code="a">Vol. 9 no. 2  (Apr.-Jun. 2010)</subfield>
   <subfield code="b">Main run</subfield>
  </datafield>
  <datafield tag="951" ind1=" " ind2=" ">
   <subfield code="a">Vol. 9 no. 3  (Jul.-Sep. 2010)</subfield>
   <subfield code="b">Main run</subfield>
  </datafield>
 </record>
</collection>
